000 01255nam a2200337Ia 4500
001 ebr10436137
003 CaPaEBR
006 m u
007 cr cn|||||||||
008 100712s2010 vau sb 001 0 eng d
010 _z 2010029133
020 _z9781416610854
020 _z9781416611981
040 _aCaPaEBR
_cCaPaEBR
035 _a(OCoLC)698127021
050 1 4 _aLB1025.3
_b.K65 2010eb
082 0 4 _a371.39
_222
100 1 _aKoenig, Rhoda,
_d1942-
245 1 0 _aLearning for keeps
_h[electronic resource] :
_bteaching the strategies essential for creating independent learners /
_cRhoda Koenig.
260 _aAlexandria, VA :
_bASCD,
_cc2010.
300 _axix, 188 p.
504 _aIncludes bibliographical references and index.
533 _aElectronic reproduction.
_bPalo Alto, Calif. :
_cebrary,
_d2011.
_nAvailable via World Wide Web.
_nAccess may be limited to ebrary affiliated libraries.
650 0 _aEffective teaching.
650 0 _aLanguage arts.
650 0 _aReading.
650 0 _aCognitive learning.
655 7 _aElectronic books.
_2local
710 2 _aebrary, Inc.
856 4 0 _uhttp://site.ebrary.com/lib/rucke/Doc?id=10436137
_zAn electronic book accessible through the World Wide Web; click to view
999 _c235115
_d235115